Who are the 6-7 countries? - Statistics

General Stats
  • This quiz has been taken 44 times
  • The average score is 2 of 12
Answer Stats
Hint Answer % Correct
Military Ranking Cuba
47%
Land Area Malaysia
21%
Happiness Cyprus
18%
Quality of Life Ukraine
18%
GDP Guatemala
15%
Oil Production Hungary
15%
National Debt Slovenia
15%
Education Kyrgystan
12%
Global Peace Index Uzbekistan
12%
Healthcare Quality Jamaica
9%
GDP per Capita Mauritius
9%
Best Cuisine Haiti
6%
No matching quizzes found
Score Distribution
Percent of People with Each Score
Percentile by Number Answered
Your Score History
You have not taken this quiz